[Event "CZE-ch U14 2020"]
[Site "Kouty nad Desnou"]
[Date "2020.03.12"]
[Round "7.1"]
[White "Stalmach, Richard"]
[Black "Winter, Ondrej"]
[Result "1/2-1/2"]
[WhiteElo "2259"]
[BlackElo "1896"]
[Annotator "TA"]
[PlyCount "203"]
[EventDate "2020.03.07"]
[EventCountry "CZE"]
[SourceTitle "playchess.com"]
[Source "ChessBase"]
[SourceQuality "1"]

{[%evp 20,203,20,22,3,7,16,21,35,32,35,21,21,8,12,0,39,29,28,43,70,72,66,66,65,35,33,48,67,68,95,77,104,93,124,109,116,79,133,128,124,131,136,121,121,18,18,18,18,18,18,14,18,18,19,19,19,19,68,55,63,19,19,19,76,76,76,76,76,76,76,76,76,76,76,76,76,76,139,139,139,139,139,139,139,139,139,139,139,139,139,139,139,0,139,139,139,110,139,139,139,139,139,139,139,139,139,139,139,139,139,115,122,0,139,139,139,139,139,0,139,0,139,139,139,139,139,139,139,139,139,139,139,139,139,0,139,139,139,139,139,139,139,139,139,96,96,56,5454,5443,5481,5481,5457,5457,5455,5447,5443,5443,5443,5443,5422,5410,5414,5414,5057,5159,3194,1071,1057,1057,635,111,111,90,90,8,8,8,8,8,8,8,8,8,8,8]} 1. d4 Nf6 2. c4 g6 3. Nc3 d5 4. cxd5 Nxd5 5. e4 Nxc3 6. bxc3 Bg7 7. Be3 c5 8. Qd2 Qa5 9. Rc1 cxd4 10. cxd4 Qxd2+ 11. Bxd2 O-O {D85: Exchange Grünfeld: Unusual White 7th moves and lines with 7 Nf3.} 12. Nf3 Nc6 13. d5 Nd4 14. Nxd4 Bxd4 15. Bb4 {[#]} Bd7 $146 ({Predecessor:} 15... f5 16. Bxe7 Rf7 17. d6 Be6 18. Bc4 Bxc4 19. Rxc4 Bf6 20. Bxf6 Rxf6 21. e5 Re8 {1-0 (47) Schwab,M (2171)-Kryuchkov,A (2154) Wuerttemberg 2017}) 16. Rc7 {[%mdl 64] Double Attack} Ba4 $1 17. Rc4 Bf6 {[#]} 18. Bxe7 $1 {[%mdl 512]} Bxe7 19. Rxa4 Bd6 20. Bd3 $36 {[%mdl 2048] Black is under strong pressure.} a6 21. Rc4 Rac8 22. Ke2 Rxc4 23. Bxc4 $14 {[%mdl 4096] Endgame KRB-KRB} Rc8 24. Bd3 f6 25. g3 Kg7 26. Rb1 Rc7 27. Rb6 Bc5 28. Re6 (28. Rb3 {seems wilder.} Kf8 29. f4 Bd4 30. h4 Ke7 31. g4) 28... Re7 (28... Kf7 $142) 29. Rxe7+ $16 Bxe7 {KB-KB} 30. f4 Bd6 31. Ke3 g5 32. e5 (32. Kf3 $16) 32... gxf4+ $11 33. Kxf4 Bxe5+ 34. Kf3 Bd6 35. h3 Bc7 36. g4 Bd6 37. Bf5 b5 38. Ke4 b4 39. Kd4 h6 40. Bd3 a5 41. Kc4 Kf7 (41... a4 $11) 42. Kb5 $16 Ke7 43. Kxa5 Kd8 44. Kb5 Ke8 45. Kc4 Kd7 46. Bf5+ Ke7 47. Be6 Ke8 48. Kd4 Bf4 ({Better is} 48... Ke7) 49. Kc5 $1 Bd2 50. d6 Kd8 51. Bf5 Bc3 52. Kd5 Bd2 53. Bd3 Be3 54. Bb5 Bd2 55. Kc4 Be1 56. Kd5 Bd2 57. Ke6 Bg5 58. Kf7 Bh4 59. Kg7 Bg5 60. Kg6 Kc8 61. Ba4 Kd8 62. Kf5 Bh4 63. Bc6 Bg5 64. Kg6 Kc8 65. Kh5 Be3 66. Kg6 Bg5 $1 67. Kf7 {Strongly threatening Ke8.} Kd8 68. Ke6 Bh4 69. Kf5 Bg5 $1 70. Ba4 Bh4 $1 71. Kf4 Kc8 72. Ke4 Kd8 73. Kd5 Bg5 74. Bc2 Bh4 75. Bf5 Bg5 76. Kc4 Bd2 77. Kc5 (77. h4 $16) 77... Be1 (77... Bc3 $1 $11 {keeps the balance.}) 78. h4 Bd2 79. Kd5 Be1 80. h5 Bd2 81. Kc5 Be1 82. g5 fxg5 83. Bg4 Bd2 $2 {[%mdl 8192]} (83... Ke8 $14) 84. Kd5 $1 $18 {[%cal Rd5e5]} Bf4 85. Ke6 $1 Bg3 {[#]} 86. d7 $1 Bc7 87. Kf7 Bb6 88. Kg7 Ke7 89. Kxh6 Kf6 90. Kh7 Kf7 91. h6 Bc7 92. Bd1 Bb6 93. Be2 (93. Bh5+ $142 Ke7 94. Kg6 Kxd7 95. Kxg5) 93... Bc7 94. Bc4+ Ke7 95. Kg8 $2 (95. Kg6 $18 {has better winning chances.} Kxd7 96. Kf5 (96. Kxg5 Be5 $16)) 95... Kxd7 $16 96. h7 Be5 {[#]} 97. h8=Q ({White should try} 97. Kf7 $1 $16) 97... Bxh8 $11 {The position is equal.} 98. Kxh8 Kd6 99. Kg7 g4 100. Kf6 Kc5 (100... g3 $5 101. Bf1 $8 Kc5 $11) 101. Bf1 b3 102. axb3 {Black escapes into a draw. Accuracy: White = 84%, Black = 83%.} 1/2-1/2

[Event "CZE-ch U14 2020"]
[Site "Kouty nad Desnou"]
[Date "2020.03.12"]
[Round "7.2"]
[White "Petricek, Lukas"]
[Black "Hak, David"]
[Result "0-1"]
[WhiteElo "2106"]
[BlackElo "2120"]
[Annotator "TA"]
[PlyCount "44"]
[EventDate "2020.03.07"]
[EventCountry "CZE"]
[SourceTitle "playchess.com"]
[Source "ChessBase"]
[SourceQuality "1"]

{[%evp 12,44,21,0,0,-18,-20,-11,-12,-39,18,0,0,-54,1,-18,-22,-73,-62,-62,-68,-62,-42,-83,-58,-75,-83,-281,-3,-1167,-1116,-1449,-1436,-29997,-29998]} 1. e4 e6 2. d4 d5 3. e5 c5 4. c3 Nc6 5. Nf3 Bd7 6. Be2 Nge7 7. Na3 cxd4 {C02: French: Advance Variation.} 8. Nb5 {[%cal Rb5d6]} Ng6 {Threatening ...dxc3.} 9. cxd4 Bb4+ {[#] The position is equal.} 10. Kf1 $146 ({Predecessor:} 10. Bd2 O-O 11. O-O Bxd2 12. Qxd2 f6 13. exf6 Qxf6 14. Nc3 Nf4 15. Bd1 h6 16. h4 {0-1 (38) Bascetta,B (1725)-Zhdanenia,K (1953) LSS email 2011}) 10... O-O (10... a6 $1 $15 11. Nc3 f6 12. exf6 Qxf6) 11. a3 Be7 {[#]} 12. g3 (12. h4 $1 $11 {[%mdl 512]}) 12... Qb6 (12... f6 $15 13. exf6 Bxf6) 13. Nc3 f6 14. Na4 (14. exf6 $1 $11 {remains equal.} Bxf6 15. Na4) 14... Qc7 $17 {[%cal Rf6e5]} 15. exf6 Rxf6 16. Kg2 e5 {Hoping for ...Nxd4.} 17. dxe5 Ncxe5 {...Raf8 is the strong threat.} 18. Nd4 $1 Raf8 $36 {[%mdl 2048] Black is really pushing.} 19. f4 $2 {[#]} (19. Rf1 $17) 19... Nc4 $2 (19... Nh4+ $1 $19 {[%mdl 512]} 20. Kg1 (20. gxh4 Rg6+) 20... Neg6) 20. Nc3 $2 {[%mdl 8192] [#]} (20. Rf1 $11) 20... Nxf4+ $1 $19 {[%mdl 576] Clearance} 21. gxf4 (21. Bxf4 Rxf4) 21... Rg6+ 22. Kf1 Bh3+ {Accuracy: White = 34%, Black = 62%.} 0-1

[Event "CZE-ch U14 2020"]
[Site "Kouty nad Desnou"]
[Date "2020.03.12"]
[Round "7.3"]
[White "Janous, Marek"]
[Black "Smolik, Jachym"]
[Result "1-0"]
[WhiteElo "1990"]
[BlackElo "2025"]
[Annotator "TA"]
[PlyCount "103"]
[EventDate "2020.03.07"]
[EventCountry "CZE"]
[SourceTitle "playchess.com"]
[Source "ChessBase"]
[SourceQuality "1"]

{[%evp 19,103,24,29,24,26,23,38,25,44,0,29,22,54,39,37,20,68,40,43,49,47,38,66,39,58,39,35,44,157,160,162,116,157,161,151,127,129,138,137,115,212,208,251,195,214,153,159,156,252,167,269,167,260,185,222,174,247,143,141,127,228,228,275,268,281,267,256,262,255,198,235,164,955,914,1065,1045,29990,29991,29992,29993,29995,29995,29995,29996,29996,29997]} 1. e4 c5 2. Nf3 e6 3. d4 cxd4 4. Nxd4 Nc6 5. Be2 Qc7 6. Nc3 a6 7. O-O Nf6 8. Be3 Bb4 9. Na4 Be7 10. Nxc6 bxc6 11. Bf3 {B49: Sicilian: Taimanov: 5 Nc3 Qc7 6 Be3 a6 7 Be2.} Rb8 12. c4 c5 13. Qd2 {White is slightly better.} d6 {[#]} 14. Rfe1 $146 ({Predecessor:} 14. Nc3 O-O 15. b3 Bb7 16. Rad1 Rfd8 17. Rfe1 Nd7 18. Qc2 Ne5 19. Be2 Nc6 20. Bf1 {½-½ (89) Monnisha,G (2288)-Tarini,G (1924) Bhayandar 2015}) 14... Bd7 15. Nc3 h6 16. Rad1 Bc6 17. b3 e5 18. g3 O-O 19. Qc2 Qb7 20. Bg2 Nd7 21. f4 exf4 22. Bxf4 Ne5 23. Nd5 g5 (23... Rfe8 $14) 24. Bxe5 $16 dxe5 25. Qb2 f6 26. Bh3 a5 27. Bf5 a4 28. Re3 Rfd8 29. Qe2 Bxd5 (29... Rd6 $16 30. Rf1 (30. Qh5 Bf8 $16) 30... Kh8) 30. exd5 $18 (30. cxd5 $6 Bf8) 30... Bd6 31. Rf1 Qg7 32. Qf3 Kh8 33. Be4 Be7 (33... Rf8 $16 34. Qf5 (34. bxa4 Rb4 $16) 34... axb3) 34. g4 Kg8 (34... axb3 $142 35. axb3 Rd7) 35. Qf5 Rd6 (35... Rb4 {was necessary.} 36. Ra1 Bf8) 36. Rh3 Bf8 37. Rff3 Rdb6 (37... Rb4 $142 38. a3 Rxb3 39. Rxb3 axb3 40. Rxb3 Qd7) 38. Rd3 (38. bxa4 $18 {aiming for Rb3.} Rd6 39. Bc2) 38... Rd6 39. Qf3 a3 (39... axb3 $16 40. Rxb3 (40. axb3 Qd7 $16) 40... Rxb3 41. Qxb3 Qa7) 40. Bf5 Kf7 41. Be6+ Ke8 42. Qf2 Rdb6 43. Rdf3 Be7 44. Rf5 Rb4 45. d6 {[%mdl 64] [#] Deflection} Bxd6 $2 (45... R4b6 46. Bd5 (46. dxe7 Rxe6 47. Qxc5 Qxe7 $16) (46. Qxc5 Bxd6 47. Qf2 Qc7 $14) 46... Rxd6 47. Qxc5 Bf8) 46. Rxf6 e4 47. Rhxh6 Be5 {[#]} 48. Bd7+ $1 {[%mdl 512] White mates.} Kd8 (48... Kxd7 49. Qf5+) 49. Rf8+ Ke7 50. Re6+ Kxd7 51. Rf7+ {[%mdl 64] Double Attack} Kd8 52. Rxg7 {Accuracy: White = 62%, Black = 34%.} 1-0

[Event "CZE-ch U14 2020"]
[Site "Kouty nad Desnou"]
[Date "2020.03.12"]
[Round "7.4"]
[White "Hrbek, Stepan"]
[Black "Babula, Vlastimil"]
[Result "1/2-1/2"]
[WhiteElo "2142"]
[BlackElo "2567"]
[Annotator "TA"]
[PlyCount "96"]
[EventDate "2020.03.07"]
[EventCountry "CZE"]
[SourceTitle "playchess.com"]
[Source "ChessBase"]
[SourceQuality "1"]

{[%evp 19,96,70,126,117,125,128,117,76,151,132,170,168,166,138,98,0,0,14,87,63,270,266,429,461,425,397,587,567,879,866,1437,1442,1348,727,667,0,0,-865,-838,-921,-11,-14,0,-208,-795,-191,200,204,255,244,239,39,67,20,28,0,6,0,0,0,0,0,0,-31,0,-8,0,0,0,-8,0,0,0,-8,0,-8,0,0,0]} 1. e4 c5 2. Nf3 d6 3. d4 cxd4 4. Nxd4 Nf6 5. Nc3 a6 6. Be3 e6 7. g4 b5 8. g5 Nfd7 9. a3 Bb7 10. h4 Nb6 (10... Nc6 $14) 11. Qh5 $16 {B81: Sicilian Scheveningen: Keres Attack.} g6 12. Qg4 $1 N8d7 13. O-O-O {White is better.} Rc8 ({Better is} 13... h5 14. gxh6 Qe7) 14. h5 $1 {[%cal Rh5g6]} Ne5 15. Qh3 $1 Rxc3 16. bxc3 Bxe4 {[#]} 17. Bg2 $146 (17. hxg6 $1 $16 {[%mdl 512]} Nxg6 (17... Bxg6 18. f4) 18. Nxe6 fxe6 19. Bxb6 Qxg5+ 20. Be3) ({Predecessor:} 17. hxg6 Bxg6 18. f4 Nd5 19. Nxe6 Qa5 20. Rxd5 Qxc3 21. Nc7+ Kd8 22. f5 Bxf5 23. Qxf5 Qxe3+ {1-0 (32) Shirov,A (2708)-Al Sayed,M (2507) Caleta 2013}) 17... Bxg2 $1 $11 18. Qxg2 {And now hxg6 would win.} Nd5 (18... d5 $11) 19. hxg6 $16 Qa5 $2 (19... Nxg6 $14 20. Ne2 Nxe3 21. fxe3 Qc8) 20. gxf7+ $18 Kd7 $2 (20... Nxf7 21. Ne2 Qxa3+ 22. Kb1 b4) 21. Nb3 Qxa3+ 22. Kd2 Qb2 (22... Bg7 {keeps fighting.} 23. Bd4 Nc4+ 24. Ke1 Bxd4 25. Rxd4 Qb2) 23. Bd4 Bg7 24. Qe4 Nc4+ 25. Ke1 Bxd4 26. Qxd4 {Intending Qa7+ and mate.} Qxc2 27. Nd2 $2 (27. Nc5+ $2 dxc5 28. Qd3 Qxd3 $19) (27. Rc1 Qf5 $11) (27. Rh3 $18 Qf5 28. Qa7+ Kd8 29. Qb8+ Kd7 30. Qb7+ Kd8 31. Na5 $1 {[%mdl 512]} Qe4+ 32. Kf1 Nde3+ 33. fxe3 Qxb7 34. Nxb7+ Ke7 35. g6 $1 {[%mdl 512]}) 27... Nxc3 $11 {[%csl Gc3][%cal Rc2d1]} 28. Qa7+ $2 {[%mdl 8192]} (28. Kf1 $11 e5 29. Qg4+ (29. Qa7+ $2 Ke6 $19) 29... Kc7 30. g6 Qd3+ 31. Kg2 Nxd1 32. Nxc4 Nxf2 33. Kxf2 bxc4 34. g7 Qd2+ 35. Qe2 Qf4+ {[%mdl 64] Double Attack} 36. Qf3 Qd2+ 37. Qe2 Qf4+ {[%mdl 64] Double Attack} 38. Qf3 Qd2+ 39. Qe2) 28... Kc6 $19 {[%csl Gc3][%cal Rc2d1]} 29. Qxa6+ Kc5 $2 (29... Nb6 $1 $19 {[%csl Gc3][%cal Rc2d1]} 30. Qa1 Qd3 $1 {[%mdl 512]} 31. Qxc3+ Qxc3) 30. Qa1 $1 $11 {[%cal Ra1c1] Qc1 is the strong threat.} Nxd2 (30... Qxd1+ $2 31. Qxd1 Nxd1 32. Nxc4 $18) 31. Qc1 $2 (31. Rc1 $1 $11 Nf3+ 32. Kf1 Qe2+ 33. Kg2 Ne1+ 34. Rcxe1 (34. Rhxe1 Qg4+ {[%mdl 64] Double Attack} 35. Kh2 Qh4+ 36. Kg1 Qg4+ 37. Kh2 Qh4+ 38. Kg1 Qg4+ 39. Kh2 $11) 34... Qg4+ {[%mdl 64] Double Attack} 35. Kf1 Qc4+ 36. Kg2 Qg4+ {[%mdl 64] Double Attack} 37. Kf1 Qc4+ 38. Kg2 Qg4+ {[%mdl 64] Double Attack}) 31... Nf3+ $19 ({Worse is} 31... Qxd1+ 32. Qxd1 Nxd1 33. Kxd2 $16) 32. Kf1 Qxc1 $4 {[%mdl 8192]} (32... Qxd1+ $19 {and life is good for Black.} 33. Qxd1 Nxd1) 33. Rxc1 $18 Nxg5 {[#] White must now prevent ...Kb4.} 34. Rh5 $1 {[%cal Rh5g5]} ({Less strong is} 34. Rxc3+ Kb4 $14) 34... h6 {[#] aiming for ...Kc4.} 35. Rxc3+ $2 {[%mdl 4096] Endgame KRR-KRN} ({White has to play} 35. f4 $1 $18 {[%cal Rf4g5]} Rf8 36. fxg5 (36. Rxc3+ Kb4 $11) 36... Rxf7+ 37. Kg2) 35... Kd4 36. Rc7 {[%mdl 1024] Hoping for f4. White has compensation.} Rf8 37. Rh4+ Kd5 38. Rf4 Ke5 39. Rb4 {Threatens to win with f4+.} Rxf7 40. Rxb5+ d5 41. Rc2 Rf4 42. Rb8 {The position is equal.} Ne4 43. Kg2 Rg4+ 44. Kh3 Rf4 45. Kg2 Rg4+ 46. Kh3 Rg6 47. Ra2 Rg1 48. Kh2 Rg6 {Accuracy: White = 65%, Black = 47%.} 1/2-1/2

[Event "CZE-ch U14 2020"]
[Site "Kouty nad Desnou"]
[Date "2020.03.12"]
[Round "7.5"]
[White "Hlavina, Matous"]
[Black "Paseka, Matyas"]
[Result "1-0"]
[WhiteElo "1986"]
[BlackElo "2012"]
[Annotator "TA"]
[PlyCount "109"]
[EventDate "2020.03.07"]
[EventCountry "CZE"]
[SourceTitle "playchess.com"]
[Source "ChessBase"]
[SourceQuality "1"]

{[%evp 19,109,29,48,42,47,45,37,39,29,37,35,41,39,55,74,0,-7,0,-10,-17,7,-56,0,-30,7,-63,-52,-59,-37,-37,0,0,36,0,0,0,0,-29,0,0,101,100,127,79,87,61,121,59,74,0,179,22,34,0,0,0,41,0,0,0,31,-195,351,341,415,405,535,254,251,229,229,214,303,293,385,360,29986,1461,1578,402,389,385,677,635,29988,980,29989,29990,29990,29989,29989,29990]} 1. e4 c5 2. Nf3 d6 3. d4 cxd4 4. Nxd4 Nf6 5. Nc3 a6 {[%cal Ba7a6,Ba6a5,Ba5a4,Ba4a3][%mdl 32]} 6. f3 e5 7. Nb3 Be6 8. Be3 Be7 9. Qd2 O-O 10. O-O-O a5 11. Kb1 {B90: Sicilian Najdorf: Unusual White 6th moves, 6 Be3 Ng4 and 6 Be3 e5.} a4 12. Nc1 a3 {Black wants to play ...axb2.} 13. b3 {White is slightly better.} Ra5 14. g4 d5 15. g5 Ng4 16. fxg4 d4 17. Qe1 (17. h4 $1 $16) 17... Bb4 $1 $11 {[%mdl 64] Pin} 18. Bd2 {Black must now prevent Nd5.} dxc3 19. Be3 Qe7 {[#]} 20. Qg3 $146 (20. h4 $11) ({Predecessor:} 20. Rg1 Bc5 21. h4 Nc6 22. Qxc3 Rc8 23. Qe1 Qc7 24. c4 Nd4 25. Rg2 Nf3 26. Qf2 Bxe3 27. Qxf3 {1-0 (51) Eggleston,D (2416)-Wallace,J (2404) Hampstead 2014}) 20... Nd7 ({Black should try} 20... Nc6 $15) 21. Nd3 Rc8 22. Rc1 ({White should play} 22. Be2 $11) 22... Bc5 23. Be2 Bxe3 24. Qxe3 b5 25. h4 Bc4 26. Nf2 Bxe2 27. Qxe2 Nc5 28. Nd1 Ne6 29. Ne3 Nd4 (29... Nf4 $11 {remains equal.} 30. Qf2 b4) 30. Qf2 $16 Ra6 31. Rhf1 Rf8 32. Rcd1 Qb7 (32... Qe6 $14) 33. Qg2 (33. Nd5 $1 $16) 33... Rd6 34. h5 (34. Nd5 $16) 34... f6 $2 (34... Qe7 $11) 35. gxf6 $2 (35. Nd5 $1 $18) 35... Rdxf6 $11 36. Nd5 Rxf1 37. Rxf1 b4 38. g5 Rxf1+ 39. Qxf1 Qf7 {[%cal Rf7f1]} 40. Qa6 $2 (40. Qh3 $14 {keeps the upper hand.}) 40... Qd7 $4 {[%mdl 8192]} (40... Qxh5 $19 {[%cal Rh5d1]} 41. Qc8+ Kf7 42. Qc7+ Kg6 43. Qd6+ Kxg5 44. Qxe5+ {[%mdl 64] Double Attack} Kh6 45. Qf4+ Qg5) 41. g6 $1 $18 {Qa8+ would kill now.} (41. Nxb4 Qg4 $14) 41... hxg6 42. hxg6 {Threatening mate with Qa8+.} Kf8 43. Qb6 (43. Nxb4 $142 {Threatens to win with Nd5.} Nf3 44. Nd5 Nd2+ 45. Kc1 Nxe4 46. Qxa3+ Nd6 47. Nxc3) 43... Nc6 44. Qc5+ Ke8 45. Qf2 Nd8 {[#]} (45... Qb7 $142 46. Qh2 Kd7) 46. Qh2 $1 {[%cal Rh2h8]} Ne6 47. Qxe5 Kf8 $2 (47... Qc6 $18 48. Qb8+ (48. Nxb4 Qb6 $18) 48... Kd7 49. Qxb4 {[%mdl 64] Double Attack} Qc5 50. Qxc5 Nxc5 51. Nxc3 Ke6) 48. Qb8+ (48. Qh5 $142 Ke8 {[#]} 49. Nf6+ $1 {[%mdl 576] Double Attack} Kd8 50. Nxd7 Kc7 51. Qd1 Nd8 52. Ne5 Kc8 53. Qd6) 48... Nd8 49. Qf4+ (49. Qxb4+ $142 Ke8 50. Qxa3) 49... Ke8 50. Qe5+ Kf8 $2 (50... Ne6 51. Qb8+ {[%mdl 64] Double Attack} Nd8 52. Qxb4 Qa7 53. Qb5+ Kf8) 51. Qh5 {[%cal Rh5h8]} Qe6 52. Qh8+ Qg8 53. Qh4 {[%cal Rh4d8] White mates.} Nc6 54. Qf4+ Ke8 {[#]} 55. Qd6 $1 {[%mdl 64] Double Attack. Accuracy: White = 46%, Black = 42%.} 1-0

[Event "CZE-ch U14 2020"]
[Site "Kouty nad Desnou"]
[Date "2020.03.12"]
[Round "7.6"]
[White "Lang, Simon"]
[Black "Kures, Michael"]
[Result "0-1"]
[WhiteElo "1779"]
[BlackElo "1943"]
[Annotator "TA"]
[PlyCount "58"]
[EventDate "2020.03.07"]
[EventCountry "CZE"]
[SourceTitle "playchess.com"]
[Source "ChessBase"]
[SourceQuality "1"]

{[%evp 19,58,-19,-22,-25,-18,-30,0,-120,-100,-117,-104,-507,-339,-393,-376,-466,-466,-655,-396,-398,-396,-570,-555,-529,-474,-509,-508,-514,-498,-500,-482,-721,-730,-1164,-1177,-1315,-1308,-6745,-6336,-5497,-5497]} 1. e4 c5 2. Nf3 Nc6 3. d4 cxd4 4. Nxd4 Nf6 5. Nc3 d6 6. Be3 Ng4 7. Bg5 h6 8. Bh4 g5 9. Bg3 Bg7 10. Nxc6 bxc6 11. Qd2 {B56: Classical Sicilian: Unusual Lines.} Rb8 12. f3 Ne5 {[#]} 13. h4 $146 (13. Na4 $1 $11) ({Predecessor:} 13. Rb1 Qa5 14. Bf2 Rxb2 15. Bd4 Rxb1+ 16. Nxb1 Nxf3+ 17. gxf3 Qxd2+ 18. Nxd2 Bxd4 19. Nb3 {0-1 (36) Sricharan,D (1643)-Debashis,D (2294) Mumbai 2008}) 13... gxh4 14. Bxh4 Rxb2 15. O-O-O $2 {[%mdl 8192]} (15. Nd1 $17 {is more resistant.} Rb8 16. Rc1) 15... Rb8 16. Na4 Be6 17. Qc3 Bxa2 18. Nb2 (18. Qa3 $142 Rb1+ 19. Kd2 Qa5+ 20. c3 Rxd1+ 21. Kxd1) 18... Rxb2 {[%mdl 64] Remove Defender, Decoy} 19. Qxb2 {[#]} Nd3+ $1 {[%mdl 576] Discovered Attack} 20. Rxd3 (20. Bxd3 {was worth a try.} Bxb2+ 21. Kxb2) (20. cxd3 Bxb2+) 20... Bxb2+ $19 {Black is clearly winning.} 21. Kxb2 Bc4 22. Rc3 Qb6+ 23. Kc1 Bxf1 24. Rxf1 Qa5 25. Kd2 (25. Rb3 $142 f6 26. Kb1 (26. Rb8+ $2 Kf7 $19)) 25... d5 26. Rb1 d4 {[%mdl 64] Pin} 27. Rb8+ {[#]} Kd7 $1 28. Rxh8 Qxc3+ 29. Kd1 d3 {White got outplayed after the opening. Accuracy: White = 20%, Black = 74%.} 0-1

[Event "CZE-ch U14 2020"]
[Site "Kouty nad Desnou"]
[Date "2020.03.12"]
[Round "7.7"]
[White "Werner, Hong Quan Dan"]
[Black "Prochazka, Vojtech"]
[Result "0-1"]
[WhiteElo "1801"]
[BlackElo "1763"]
[Annotator "NA"]
[PlyCount "56"]
[EventDate "2020.03.07"]
[EventCountry "CZE"]
[SourceTitle "playchess.com"]
[Source "ChessBase"]
[SourceQuality "1"]
[TimeControl "5400+30"]

{[%evp 16,52,27,0,39,22,42,13,31,0,27,0,24,-51,-36,-54,-50,-62,-55,-92,-87,-91,-107,-101,-111,-381,-412,-636,32767,-584,-674,-1333,-1433,-1351,-441,-1358,-1630,-1900,-2476]} 1. e4 {[%emt 0:00:00]} c5 {[%emt 0:00:00]} 2. Nf3 {[%emt 0:00:00]} d6 {[%emt 0:00:11]} 3. d4 {[%emt 0:00:14]} cxd4 {[%emt 0:01:07]} 4. Nxd4 {[%emt 0:00:11]} Nf6 {[%emt 0:00:33]} 5. Nc3 {[%emt 0:00:07]} a6 {[%emt 0:00:51]} 6. Bg5 {[%emt 0:00:22]} e6 {[%emt 0:03:45]} 7. f4 {[%emt 0:00:10]} Be7 {[%emt 0:02:12]} 8. Qf3 {[%emt 0:00:23]} Qc7 {[%emt 0:02:00]} 9. g4 {[%emt 0:02:38]} Nbd7 {[%emt 0:13:52]} 10. O-O-O {[%emt 0:00:19]} b5 {[%emt 0:01:14]} 11. Bxf6 {[%emt 0:01:16]} Nxf6 {[%emt 0:01:02]} 12. g5 {[%emt 0:00:12]} Nd7 {[%emt 0:00:09]} 13. f5 {[%emt 0:00:27]} O-O {[%emt 0:02:34] 13...Nc5 is not played anymore. B99: Sicilian Najdorf: 6 Bg5 e6 7 f4 Be7 8 Qf3 Qc7 9 0-0-0 Nbd7.} 14. Qh5 {[%emt 0:08:15]} ({Much weaker is} 14. f6 gxf6 15. gxf6 Nxf6 $17) (14. fxe6 $11 fxe6 15. Nxe6 Rxf3 16. Nxc7) 14... b4 $1 {[%emt 0:15:23]} 15. Nce2 {[%emt 0:32:22]} e5 {[%emt 0:19:28]} 16. f6 {[%emt 0:02:00] [#]} Bxf6 $146 {[%emt 0:04:39]} ({Predecessor:} 16... exd4 17. fxe7 Re8 18. Nf4 Ne5 19. Nd5 Qc5 20. Rg1 Kh8 21. Kb1 Be6 22. Rg3 a5 {½-½ (46) Maikov,E-Roth Jr,P (1786) ICCF email 2017}) 17. Nf5 {[%emt 0:08:54] [#]} Bd8 $1 {[%emt 0:11:51]} ({Worse is} 17... g6 18. Qh6 $16) 18. Rd3 {[%emt 0:00:56] [#]} Re8 $1 {[%emt 0:08:33]} 19. Nxd6 {[%emt 0:01:05] [#]} ({Don't blunder} 19. Rxd6 $2 Nc5 $19) 19... Nc5 {[%emt 0:00:47]} ({Black should play} 19... Rf8 $1 $19 20. Nf5 Qb6) 20. Rf3 $2 {[%emt 0:08:00]} (20. Nxe8 $17 Nxd3+ 21. Kb1) 20... Rf8 {[%emt 0:01:33]} 21. Nxc8 {[%emt 0:12:44]} (21. Nxf7 $142 Rxf7 22. Rxf7 Qxf7 23. Qxf7+ Kxf7 24. h4) 21... Rxc8 {[%emt 0:00:21]} 22. c3 {[%emt 0:01:08]} Nxe4 {[%emt 0:00:44]} 23. Rg1 {[%emt 0:00:50]} Qd6 {[%emt 0:01:41]} 24. Bh3 {[%emt 0:11:04]} Qd2+ {[%emt 0:01:30]} 25. Kb1 {[%emt 0:00:04]} Qxe2 {[%emt 0:00:20]} 26. Bf5 {[%emt 0:03:53] [#]} g6 $19 {[%emt 0:00:49] Double Attack} 27. Qh6 {[%emt 0:02:20]} Nd2+ {[%emt 0:02:16]} 28. Kc1 {[%emt 0:00:14]} Nxf3 0-1